Social, ethical, legal and professional issues in computing : (Record no. 335167)
[ view plain ]
| 000 -LEADER | |
|---|---|
| fixed length control field | 00581nam a22001697a 4500 |
| 003 - CONTROL NUMBER IDENTIFIER | |
| control field | SISC |
| 005 - DATE AND TIME OF LATEST TRANSACTION | |
| control field | 20170519110633.0 |
| 008 - FIXED-LENGTH DATA ELEMENTS--GENERAL INFORMATION | |
| fixed length control field | 170519b xxu||||| |||| 00| 0 eng d |
| 020 ## - INTERNATIONAL STANDARD BOOK NUMBER | |
| International Standard Book Number | 9786214060184 |
| 050 ## - LIBRARY OF CONGRESS CALL NUMBER | |
| Classification number | QA 76.9 |
| Item number | .L412 2015 |
| 100 ## - MAIN ENTRY--PERSONAL NAME | |
| Personal name | Laviña, Charlemagne G. |
| 245 ## - TITLE STATEMENT | |
| Title | Social, ethical, legal and professional issues in computing : |
| Remainder of title | with complete explanation of the Philippine cybercrime laws / |
| Statement of responsibility, etc | Charlemagne G. Laviña. |
| 260 ## - PUBLICATION, DISTRIBUTION, ETC. (IMPRINT) | |
| Place of publication, distribution, etc | Manila : |
| Name of publisher, distributor, etc | Mindshapers Co, Inc., |
| Date of publication, distribution, etc | 2015. |
| 300 ## - PHYSICAL DESCRIPTION | |
| Extent | x, 374 pages ; |
| Dimensions | 25 cm. |
| 500 ## - GENERAL NOTE | |
| General note | Includes appendix. |
| 942 ## - ADDED ENTRY ELEMENTS (KOHA) | |
| Source of classification or shelving scheme | Library of Congress Classification |
| Koha item type | Books |
| Withdrawn status | Lost status | Source of classification or shelving scheme | Damaged status | Home library | Current library | Shelving location | Date acquired | Source of acquisition | Sub Shelving location | Total Checkouts | Total Renewals | Full call number | Barcode | Date last seen | Date checked out | Price effective from | Koha item type |
|---|---|---|---|---|---|---|---|---|---|---|---|---|---|---|---|---|---|
| Library of Congress Classification | College Library | College Library | Graduate Section | 05/01/2017 | Library Fund | 3 | 17 | QA 76.9 .L412 2015 | C20895 | 02/10/2020 | 01/09/2020 | 05/19/2017 | Books |